Especificaciones técnicas para el diseño del equipo de pruebas para voltaje inducido y voltaje aplicado en transformadores de distribución
Guardat en:
| Autor principal: | |
|---|---|
| Altres autors: | |
| Format: | Llibre |
| Publicat: |
San José, C.R.
1997
|
| Matèries: | |
| Etiquetes: |
Afegir etiqueta
Sense etiquetes, Sigues el primer a etiquetar aquest registre!
|
MARC
| LEADER | 00000nam a2200000Ia 4500 | ||
|---|---|---|---|
| 003 | 008177 | ||
| 005 | 20221231144233.0 | ||
| 008 | 140114s1997 cr a m 000 ||s d | ||
| 040 | |c cru CEDI | ||
| 090 | |a TFG 3643 | ||
| 100 | |a Carvajal Salas, Kermith |9 9571 | ||
| 245 | |a Especificaciones técnicas para el diseño del equipo de pruebas para voltaje inducido y voltaje aplicado en transformadores de distribución | ||
| 260 | |c 1997 |a San José, C.R. | ||
| 300 | |a xii, 56 hojas : ilustraciones | ||
| 500 | |a Proyecto de graduación (bachillerato en ingeniería eléctrica)--Universidad de Costa Rica. Facultad de Ingeniería. Escuela de Ingeniería Eléctrica | ||
| 650 | |9 9573 |x TRANSFORMADORES ELECTRICOS - PRUEBAS |x ELECTRICIDAD - APARATOS E INSTRUMENTOS - DISEÑO | ||
| 700 | |9 9572 |a Delgado Rodríguez, Fabián | ||
| 942 | |c TFG | ||
| 999 | |c 18873 |d 18873 | ||
